00349nam a2200145Ia 4500008004100000041000800041082000800049100002000057245002300077250000800100260006000108300000800168365000800176999001900184231011s9999 xx 000 0 und d aeng a820 aHamilton Roger aWink and Grow Rich a1st bMacmillan Publishers India Pvt. Ltd. Delhi/Mumbaic2005 a134 b116 c899776d899776